Writing and producing for television and film : (Record no. 100123)

MARC details
000 -LEADER
fixed length control field 01090nam a22002897a 4500
005 - DATE AND TIME OF LATEST TRANSACTION
control field 20230301120524.0
010 ## - LCCN (DPL NO)
LC control number 1718EN-30 ENG-115225 B-687203-211 ENG-136187
020 ## - INTERNATIONAL STANDARD BOOK NUMBER
International Standard Book Number 9789351501688
Terms of availability 750.00
035 ## - SYSTEM CONTROL NUMBER
System control number EN-98757
035 ## - SYSTEM CONTROL NUMBER
System control number B-687203-211
035 ## - SYSTEM CONTROL NUMBER
System control number EN-119719
037 ## - SOURCE OF ACQUISITION
Source of stock number/acquisition TBI
Stock number dpl
037 ## - SOURCE OF ACQUISITION
Source of stock number/acquisition DBAD/PUB
082 00 - DEWEY DECIMAL CLASSIFICATION NUMBER
Classification number 808.222
100 ## - MAIN ENTRY--PERSONAL NAME
Personal name De Fossard, Esta
245 10 - TITLE STATEMENT
Title Writing and producing for television and film :
Remainder of title communication for behavior change /
Statement of responsibility, etc by Esta de Fossard [and] John Riber
250 ## - EDITION STATEMENT
Edition statement 2nd ed
260 ## - PUBLICATION, DISTRIBUTION, ETC. (IMPRINT)
Place of publication, distribution, etc New Delhi
Name of publisher, distributor, etc SAGE Publications
Date of publication, distribution, etc 2015
270 ## - ADDRESS
Address B1/I-1 Mohan Cooperative Industrial Area, Mathura Road
City New Delhi
Postal code 110044
300 ## - PHYSICAL DESCRIPTION
Extent V.2(viii,234p.)
Dimensions 24cm(pbk)
500 ## - GENERAL NOTE
General note Includes index
650 ## - SUBJECT ADDED ENTRY--TOPICAL TERM
Topical term or geographic name as entry element Radio plays
General subdivision Authorship.
650 ## - SUBJECT ADDED ENTRY--TOPICAL TERM
Topical term or geographic name as entry element Radio
General subdivision Production and direction.
700 ## - ADDED ENTRY--PERSONAL NAME
Personal name Riber,John
942 ## - ADDED ENTRY ELEMENTS (KOHA)
Source of classification or shelving scheme Dewey Decimal Classification
Item type English Books
Classification part 808.222
Call number suffix DEF
Holdings
Withdrawn status Lost status Not for loan Collection code Home library Current library Date acquired Source of acquisition Cost, normal purchase price Full call number Barcode Copy number Cost, replacement price Koha item type
      Non-fiction Ashok Vihar Ashok Vihar 22/06/2018 TZ-18718/30.11.2017/686/20.11.2017/06.01.2018 750.00 808.222 DEF B-687204 1 750.00 English Books
    Not For Loan Non-fiction D.B.Act.Division Bawana 30/05/2016 DBAD/PUB. 750.00 808.222 DEF EN-98757 1 750.00 English Books
      Non-fiction Bawana Bawana 22/06/2018 TZ-18718/30.11.2017/686/20.11.2017/06.01.2018 750.00 808.222 DEF B-687211 1 750.00 English Books
      Non-fiction Central Library Central Library 22/06/2018 TZ-18718/30.11.2017/686/20.11.2017/06.01.2018 750.00 808.222 DEF B-687203 1 750.00 English Books
      Non-fiction Janak Puri Janak Puri 22/06/2018 TZ-18718/30.11.2017/686/20.11.2017/06.01.2018 750.00 808.222 DEF B-687208 1 750.00 English Books
      Non-fiction Kasturba Gandhi Marg Kasturba Gandhi Marg 22/06/2018 TZ-18718/30.11.2017/686/20.11.2017/06.01.2018 750.00 808.222 DEF B-687206 1 750.00 English Books
      Non-fiction Narela Narela 22/06/2018 TZ-18718/30.11.2017/686/20.11.2017/06.01.2018 750.00 808.222 DEF B-687210 1 750.00 English Books
      Non-fiction Patel Nagar Patel Nagar 22/06/2018 TZ-18718/30.11.2017/686/20.11.2017/06.01.2018 750.00 808.222 DEF B-687205 1 750.00 English Books
      Non-fiction Peshwa Road Peshwa Road 22/06/2018 TZ-18718/30.11.2017/686/20.11.2017/06.01.2018 750.00 808.222 DEF B-687207 1 750.00 English Books
      Non-fiction R.K.Puram-8 R.K.Puram-8 09/02/2023 DBAD/PUB 750.00 808.222 DEF EN-119719 1 750.00 English Books
      Non-fiction Sarojini Nagar Sarojini Nagar 22/06/2018 TZ-18718/30.11.2017/686/20.11.2017/06.01.2018 750.00 808.222 DEF B-687209 1 750.00 English Books

© Delhi Public Library
Hit Counter
free hit counter